[Event "DEM U10 2023"]
[Site "Willingen GER"]
[Date "2023.06.02"]
[Round "10"]
[White "Fadeev, Justin Michael"]
[Black "Li, Yunqi"]
[Result "0-1"]
[Termination "normal"]
[Board "1"]
[WhiteElo "1470"]
[BlackElo "1609"]
[WhiteClock "00:18:20"]
[BlackClock "00:19:55"]
[PlyCount "98"]
[WhiteFideId "34602968"]
[BlackFideId "34610618"]
[EventCountry "GER"]
[EventRounds "11"]
[EventType "swiss"]
[EventDate "2023.05.27"]

1. e4 {[%clk 01:15:59]} {[%emt 00:00:01]} e6 {[%clk 01:15:52]} {[%emt
00:00:08]} 2. d4 {[%clk 01:16:25]} {[%emt 00:00:04]} d5 {[%clk 01:16:16]}
{[%emt 00:00:05]} 3. Nc3 {[%clk 01:16:48]} {[%emt 00:00:08]} Nc6 {[%clk
01:16:37]} {[%emt 00:00:10]} 4. exd5 {[%clk 01:08:23]} {[%emt 00:08:55]} exd5
{[%clk 01:16:52]} {[%emt 00:00:14]} 5. Nf3 {[%clk 01:08:00]} {[%emt 00:00:53]}
Bg4 {[%clk 01:11:11]} {[%emt 00:06:11]} 6. Be2 {[%clk 01:07:54]} {[%emt
00:00:36]} Nf6 {[%clk 01:11:02]} {[%emt 00:00:39]} 7. O-O {[%clk 01:07:55]}
{[%emt 00:00:29]} Be7 {[%clk 01:08:37]} {[%emt 00:02:55]} 8. h3 {[%clk
01:08:08]} {[%emt 00:00:17]} Bf5 {[%clk 01:07:42]} {[%emt 00:01:25]} 9. Bd3
{[%clk 01:04:10]} {[%emt 00:04:28]} Be4 {[%clk 01:02:19]} {[%emt 00:05:53]} 10.
Be3 {[%clk 01:00:13]} {[%emt 00:04:26]} O-O {[%clk 01:02:12]} {[%emt 00:00:38]}
11. Ng5 {[%clk 00:54:48]} {[%emt 00:05:55]} Bxd3 {[%clk 01:00:10]} {[%emt
00:02:32]} 12. Qxd3 {[%clk 00:55:12]} {[%emt 00:00:07]} h6 {[%emt 00:00:39]}
13. Nf3 {[%clk 00:55:37]} {[%emt 00:00:02]} Bd6 {[%clk 00:57:35]} {[%emt
00:02:57]} 14. Nb5 {[%clk 00:53:55]} {[%emt 00:02:13]} Qd7 {[%clk 00:48:52]}
{[%emt 00:09:12]} 15. Nxd6 {[%clk 00:52:37]} {[%emt 00:01:48]} Qxd6 {[%clk
00:48:22]} {[%emt 00:01:01]} 16. Nd2 {[%clk 00:49:26]} {[%emt 00:03:38]} Ne7
{[%clk 00:38:00]} {[%emt 00:10:55]} 17. b3 {[%clk 00:45:36]} {[%emt 00:04:21]}
Ng6 {[%clk 00:36:39]} {[%emt 00:01:50]} 18. c4 {[%clk 00:40:42]} {[%emt
00:05:24]} c6 {[%clk 00:35:34]} {[%emt 00:01:35]} 19. f4 {[%clk 00:37:06]}
{[%emt 00:04:06]} Nh5 {[%clk 00:32:00]} {[%emt 00:04:04]} 20. f5 {[%clk
00:36:47]} {[%emt 00:00:49]} Nh4 {[%clk 00:31:01]} {[%emt 00:01:30]} 21. Rf2
{[%clk 00:23:58]} {[%emt 00:13:18]} Rae8 {[%clk 00:18:09]} {[%emt 00:13:22]}
22. Nf3 {[%clk 00:18:37]} {[%emt 00:05:51]} Qg3 {[%clk 00:12:22]} {[%emt
00:06:16]} 23. Bd2 {[%clk 00:13:12]} {[%emt 00:05:56]} Re4 {[%clk 00:09:37]}
{[%emt 00:03:14]} 24. Re1 {[%clk 00:07:56]} {[%emt 00:05:47]} Rfe8 {[%emt
00:02:04]} 25. Ref1 {[%clk 00:05:11]} {[%emt 00:02:28]} Nxf5 {[%clk 00:06:41]}
{[%emt 00:02:39]} 26. Qb1 {[%clk 00:01:16]} {[%emt 00:04:24]} Nf4 {[%clk
00:02:03]} {[%emt 00:05:09]} 27. Bxf4 {[%clk 00:01:24]} {[%emt 00:00:22]} Rxf4
{[%clk 00:02:27]} {[%emt 00:00:06]} 28. Qc2 {[%clk 00:01:25]} {[%emt 00:00:29]}
Ne3 {[%clk 00:02:38]} {[%emt 00:00:19]} 29. Qe2 {[%clk 00:01:26]} {[%emt
00:00:28]} Re6 {[%clk 00:02:40]} {[%emt 00:00:29]} 30. Qd2 {[%clk 00:00:58]}
{[%emt 00:00:58]} Nxf1 {[%clk 00:02:43]} {[%emt 00:00:27]} 31. Rxf1 {[%clk
00:01:20]} {[%emt 00:00:08]} Rfe4 {[%clk 00:02:15]} {[%emt 00:00:58]} 32. Rf2
{[%clk 00:01:29]} {[%emt 00:00:21]} Qf4 {[%clk 00:02:25]} {[%emt 00:00:20]} 33.
Qd1 {[%clk 00:01:20]} {[%emt 00:00:40]} Qe3 {[%clk 00:02:36]} {[%emt 00:00:18]}
34. cxd5 {[%clk 00:01:30]} {[%emt 00:00:20]} cxd5 {[%clk 00:02:58]} {[%emt
00:00:09]} 35. Kf1 {[%clk 00:01:33]} {[%emt 00:00:26]} Rc6 {[%clk 00:03:05]}
{[%emt 00:00:24]} 36. Rc2 {[%clk 00:01:46]} {[%emt 00:00:16]} Rc3 {[%clk
00:01:40]} {[%emt 00:01:54]} 37. Rd2 {[%clk 00:01:34]} {[%emt 00:00:43]} g5
{[%clk 00:01:22]} {[%emt 00:00:48]} 38. b4 {[%clk 00:01:11]} {[%emt 00:00:54]}
h5 {[%clk 00:01:30]} {[%emt 00:00:21]} 39. b5 {[%clk 00:00:32]} {[%emt
00:01:09]} g4 {[%clk 00:01:53]} {[%emt 00:00:07]} 40. hxg4 {[%clk 00:00:44]}
{[%emt 00:00:18]} hxg4 {[%clk 00:02:16]} {[%emt 00:00:07]} 41. a4 {[%clk
00:15:04]} {[%emt 00:01:11]} gxf3 {[%clk 00:17:40]} {[%emt 00:00:06]} 42. gxf3
{[%clk 00:15:27]} {[%emt 00:00:06]} Qxf3+ {[%clk 00:17:56]} {[%emt 00:00:14]}
43. Qxf3 {[%clk 00:15:52]} {[%emt 00:00:05]} Rxf3+ {[%clk 00:18:18]} {[%emt
00:00:08]} 44. Kg2 {[%clk 00:16:21]} {[%emt 00:00:02]} Rff4 {[%clk 00:18:37]}
{[%emt 00:00:10]} 45. b6 {[%clk 00:16:39]} {[%emt 00:00:12]} axb6 {[%clk
00:19:01]} {[%emt 00:00:07]} 46. Rb2 {[%clk 00:17:06]} {[%emt 00:00:02]} Rxd4
{[%clk 00:19:17]} {[%emt 00:00:14]} 47. Rxb6 {[%clk 00:17:32]} {[%emt
00:00:05]} Rxa4 {[%clk 00:19:29]} {[%emt 00:00:18]} 48. Rxb7 {[%clk 00:18:01]}
Rfb4 {[%clk 00:19:33]} {[%emt 00:00:26]} 49. Rd7 {[%clk 00:18:20]} {[%emt
00:00:12]} Rb3 {[%clk 00:19:55]} {[%emt 00:00:07]} 0-1

[Event "DEM U10 2023"]
[Site "Willingen GER"]
[Date "2023.06.02"]
[Round "10"]
[White "Tarasenko, Nazar"]
[Black "Sheng, Ming"]
[Result "0-1"]
[Termination "normal"]
[Board "2"]
[WhiteElo "1970"]
[BlackElo "1675"]
[WhiteClock "00:05:03"]
[BlackClock "00:01:57"]
[PlyCount "78"]
[WhiteFideId "34161430"]
[BlackFideId "34605258"]
[EventCountry "GER"]
[EventRounds "11"]
[EventType "swiss"]
[EventDate "2023.05.27"]

1. d4 {[%clk 01:15:58]} {[%emt 00:00:01]} Nf6 {[%clk 01:15:58]} {[%emt
00:00:03]} 2. c4 {[%clk 01:16:21]} {[%emt 00:00:07]} e6 {[%clk 01:16:21]}
{[%emt 00:00:07]} 3. Nc3 {[%clk 01:15:40]} {[%emt 00:01:11]} d5 {[%clk
01:16:18]} {[%emt 00:00:33]} 4. cxd5 {[%clk 01:14:09]} {[%emt 00:02:00]} Nxd5
{[%clk 01:16:10]} {[%emt 00:00:39]} 5. e4 {[%clk 01:14:28]} {[%emt 00:00:11]}
Nxc3 {[%clk 01:16:37]} {[%emt 00:00:03]} 6. bxc3 {[%clk 01:14:51]} {[%emt
00:00:07]} c5 {[%clk 01:17:02]} {[%emt 00:00:05]} 7. Nf3 {[%clk 01:11:07]}
{[%emt 00:04:14]} cxd4 {[%clk 01:16:45]} {[%emt 00:00:46]} 8. cxd4 {[%clk
01:10:15]} {[%emt 00:01:23]} Bb4+ {[%clk 01:16:45]} {[%emt 00:00:28]} 9. Bd2
{[%clk 01:10:33]} {[%emt 00:00:13]} Bxd2+ {[%clk 01:16:55]} {[%emt 00:00:21]}
10. Qxd2 {[%clk 01:10:54]} {[%emt 00:00:08]} O-O {[%clk 01:16:52]} {[%emt
00:00:33]} 11. Bd3 {[%clk 01:06:29]} {[%emt 00:04:55]} Nd7 {[%clk 01:15:40]}
{[%emt 00:01:42]} 12. O-O {[%clk 01:01:35]} {[%emt 00:05:24]} b6 {[%clk
01:15:00]} {[%emt 00:01:10]} 13. Qf4 {[%clk 00:58:44]} {[%emt 00:03:21]} Bb7
{[%clk 01:13:07]} {[%emt 00:02:23]} 14. e5 {[%clk 00:57:23]} {[%emt 00:01:51]}
h6 {[%clk 01:11:38]} {[%emt 00:01:59]} 15. Rfe1 {[%clk 00:54:29]} {[%emt
00:03:24]} Rc8 {[%clk 00:54:21]} {[%emt 00:17:47]} 16. Re3 {[%clk 00:51:54]}
{[%emt 00:03:05]} Rc7 {[%clk 00:48:49]} {[%emt 00:06:03]} 17. h4 {[%clk
00:49:11]} {[%emt 00:03:13]} Nb8 {[%clk 00:40:18]} {[%emt 00:08:59]} 18. Nh2
{[%clk 00:44:57]} {[%emt 00:04:46]} f5 {[%clk 00:31:03]} {[%emt 00:09:44]} 19.
Rg3 {[%clk 00:41:39]} {[%emt 00:03:48]} Kh7 {[%clk 00:27:54]} {[%emt 00:03:40]}
20. Qg4 {[%clk 00:39:17]} {[%emt 00:01:41]} Kh8 {[%clk 00:25:56]} {[%emt
00:03:38]} 21. Qf4 {[%clk 00:39:35]} {[%emt 00:00:12]} Rd7 {[%clk 00:23:43]}
{[%emt 00:02:44]} 22. Rg6 {[%clk 00:38:58]} {[%emt 00:01:07]} Rxd4 {[%clk
00:16:03]} {[%emt 00:08:09]} 23. Qc1 {[%clk 00:26:58]} {[%emt 00:12:30]} Rxd3
{[%clk 00:13:59]} {[%emt 00:02:35]} 24. Rxh6+ {[%clk 00:25:49]} {[%emt
00:01:39]} Kg8 {[%clk 00:14:11]} {[%emt 00:00:17]} 25. Rxe6 {[%clk 00:25:28]}
{[%emt 00:00:51]} Qd5 {[%clk 00:13:39]} {[%emt 00:01:03]} 26. Rg6 {[%clk
00:25:50]} {[%emt 00:00:07]} Qxe5 {[%clk 00:11:31]} {[%emt 00:02:38]} 27. Rb1
{[%clk 00:25:06]} {[%emt 00:01:14]} Rf7 {[%clk 00:04:06]} {[%emt 00:07:55]} 28.
Qg5 {[%clk 00:22:58]} {[%emt 00:02:38]} Qe7 {[%clk 00:02:31]} {[%emt 00:02:04]}
29. Qf4 {[%clk 00:14:03]} {[%emt 00:09:26]} Nd7 {[%clk 00:01:58]} {[%emt
00:01:03]} 30. h5 {[%clk 00:11:34]} {[%emt 00:03:00]} Ne5 {[%clk 00:01:55]}
{[%emt 00:00:33]} 31. Rg5 {[%clk 00:08:28]} {[%emt 00:03:36]} Qd6 {[%clk
00:02:03]} {[%emt 00:00:22]} 32. Qa4 {[%clk 00:07:53]} {[%emt 00:01:05]} Bc6
{[%clk 00:01:31]} {[%emt 00:01:01]} 33. Qc2 {[%clk 00:08:10]} {[%emt 00:00:14]}
Rd2 {[%clk 00:01:41]} {[%emt 00:00:19]} 34. Qb3 {[%clk 00:08:09]} {[%emt
00:00:32]} Bd5 {[%clk 00:01:27]} {[%emt 00:00:44]} 35. Qc3 {[%clk 00:07:49]}
{[%emt 00:00:50]} Bxa2 {[%clk 00:01:33]} {[%emt 00:00:24]} 36. Re1 {[%clk
00:07:46]} {[%emt 00:00:32]} Rd1 {[%clk 00:01:47]} {[%emt 00:00:17]} 37. Nf1
{[%clk 00:05:19]} {[%emt 00:02:57]} Rxe1 {[%clk 00:02:13]} {[%emt 00:00:05]}
38. Qxe1 {[%clk 00:05:25]} {[%emt 00:00:22]} Qe7 {[%clk 00:01:57]} {[%emt
00:00:46]} 39. f4 {[%clk 00:05:03]} {[%emt 00:00:53]} Nf3+ {[%emt 00:00:29]}
0-1

[Event "DEM U10 2023"]
[Site "Willingen GER"]
[Date "2023.06.02"]
[Round "10"]
[White "Peglau, Paul David"]
[Black "Steinbrenner, Peter"]
[Result "1-0"]
[Termination "normal"]
[Board "3"]
[WhiteElo "1745"]
[BlackElo "1601"]
[WhiteClock "00:16:30"]
[BlackClock "00:11:58"]
[PlyCount "123"]
[WhiteFideId "16290550"]
[BlackFideId "34645535"]
[EventCountry "GER"]
[EventRounds "11"]
[EventType "swiss"]
[EventDate "2023.05.27"]

1. Nf3 {[%clk 01:15:56]} {[%emt 00:00:03]} c5 {[%clk 01:15:46]} {[%emt
00:00:14]} 2. d4 {[%clk 01:15:07]} {[%emt 00:01:19]} cxd4 {[%emt 00:02:02]} 3.
Nxd4 {[%clk 01:15:35]} {[%emt 00:00:02]} d6 {[%clk 01:14:20]} {[%emt 00:00:25]}
4. c4 {[%clk 01:15:16]} {[%emt 00:00:49]} a6 {[%clk 01:13:53]} {[%emt
00:00:57]} 5. g3 {[%clk 01:15:14]} {[%emt 00:00:31]} e5 {[%clk 01:12:21]}
{[%emt 00:02:02]} 6. Nc2 {[%clk 01:12:36]} {[%emt 00:03:08]} Nc6 {[%clk
01:11:33]} {[%emt 00:01:18]} 7. Bg2 {[%clk 01:10:19]} {[%emt 00:02:47]} Be6
{[%clk 01:09:58]} {[%emt 00:02:04]} 8. Ne3 {[%clk 01:05:21]} {[%emt 00:05:29]}
Nf6 {[%clk 01:00:56]} {[%emt 00:09:32]} 9. Nc3 {[%clk 01:03:37]} {[%emt
00:02:14]} Be7 {[%clk 00:56:20]} {[%emt 00:04:59]} 10. O-O {[%clk 01:01:56]}
{[%emt 00:02:18]} O-O {[%clk 00:56:27]} {[%emt 00:00:23]} 11. Ned5 {[%clk
00:58:43]} {[%emt 00:03:43]} Bxd5 {[%clk 00:56:42]} {[%emt 00:00:15]} 12. Nxd5
{[%clk 00:58:10]} {[%emt 00:01:03]} Nxd5 {[%clk 00:56:37]} {[%emt 00:00:34]}
13. Bxd5 {[%clk 00:54:46]} {[%emt 00:03:54]} Kh8 {[%clk 00:55:15]} {[%emt
00:01:54]} 14. Be3 {[%clk 00:46:19]} {[%emt 00:08:56]} f5 {[%clk 00:53:21]}
{[%emt 00:02:20]} 15. Qb3 {[%clk 00:41:20]} {[%emt 00:05:33]} f4 {[%clk
00:50:18]} {[%emt 00:03:33]} 16. Qxb7 {[%clk 00:37:19]} {[%emt 00:04:32]} fxe3
{[%clk 00:39:27]} {[%emt 00:11:20]} 17. Qxc6 {[%clk 00:34:53]} {[%emt
00:02:56]} Rb8 {[%clk 00:39:18]} {[%emt 00:00:37]} 18. b3 {[%clk 00:30:19]}
{[%emt 00:05:07]} Rb6 {[%clk 00:29:27]} {[%emt 00:10:17]} 19. Qa4 {[%clk
00:28:39]} {[%emt 00:02:13]} exf2+ {[%clk 00:26:55]} {[%emt 00:03:03]} 20. Rxf2
{[%clk 00:28:34]} {[%emt 00:00:34]} Rxf2 {[%clk 00:26:59]} {[%emt 00:00:26]}
21. Kxf2 {[%clk 00:28:57]} {[%emt 00:00:07]} Rb8 {[%clk 00:21:45]} {[%emt
00:05:38]} 22. Qxa6 {[%clk 00:26:57]} {[%emt 00:02:36]} Qd7 {[%clk 00:21:30]}
{[%emt 00:00:43]} 23. Kg2 {[%clk 00:23:36]} {[%emt 00:03:52]} Rf8 {[%clk
00:10:23]} {[%emt 00:11:33]} 24. Rf1 {[%clk 00:20:57]} {[%emt 00:03:13]} Rxf1
{[%clk 00:09:29]} {[%emt 00:01:25]} 25. Kxf1 {[%clk 00:19:31]} {[%emt
00:01:56]} Qf5+ {[%clk 00:07:57]} {[%emt 00:02:00]} 26. Kg2 {[%clk 00:18:47]}
{[%emt 00:01:16]} Bf8 {[%clk 00:07:35]} {[%emt 00:00:50]} 27. Qa8 {[%clk
00:17:56]} {[%emt 00:01:23]} h5 {[%clk 00:06:42]} {[%emt 00:01:20]} 28. h4
{[%clk 00:16:18]} {[%emt 00:02:12]} Qf6 {[%clk 00:04:02]} {[%emt 00:03:08]} 29.
Qe8 {[%clk 00:15:44]} {[%emt 00:01:04]} g6 {[%clk 00:02:48]} {[%emt 00:01:45]}
30. a4 {[%clk 00:14:27]} {[%emt 00:01:48]} Kg7 {[%clk 00:02:21]} {[%emt
00:00:56]} 31. a5 {[%clk 00:12:46]} {[%emt 00:02:12]} Be7 {[%clk 00:02:26]}
{[%emt 00:00:25]} 32. Qg8+ {[%clk 00:12:02]} {[%emt 00:01:13]} Kh6 {[%clk
00:02:47]} {[%emt 00:00:08]} 33. a6 {[%clk 00:11:27]} {[%emt 00:01:06]} Bd8
{[%clk 00:02:37]} {[%emt 00:00:39]} 34. Qf7 {[%clk 00:09:06]} {[%emt 00:02:52]}
Qxf7 {[%clk 00:02:56]} {[%emt 00:00:12]} 35. Bxf7 {[%clk 00:09:32]} {[%emt
00:00:03]} Bb6 {[%clk 00:03:22]} {[%emt 00:00:05]} 36. Kf3 {[%clk 00:09:24]}
{[%emt 00:00:38]} g5 {[%clk 00:03:40]} {[%emt 00:00:12]} 37. Ke4 {[%clk
00:09:26]} {[%emt 00:00:27]} gxh4 {[%emt 00:00:23]} 38. gxh4 {[%clk 00:09:48]}
{[%emt 00:00:02]} Kg7 {[%clk 00:04:07]} {[%emt 00:00:16]} 39. Bxh5 {[%clk
00:10:12]} {[%emt 00:00:07]} Kf6 {[%clk 00:04:32]} {[%emt 00:00:04]} 40. Kd5
{[%clk 00:10:32]} {[%emt 00:00:10]} Ke7 {[%clk 00:04:56]} {[%emt 00:00:06]} 41.
Bg4 {[%clk 00:10:37]} {[%emt 00:00:25]} Bf2 {[%clk 00:05:10]} {[%emt 00:00:15]}
42. b4 {[%clk 00:10:49]} {[%emt 00:00:19]} Kd8 {[%clk 00:05:32]} {[%emt
00:00:08]} 43. Kxd6 {[%clk 00:10:59]} {[%emt 00:00:20]} e4 {[%clk 00:05:56]}
{[%emt 00:00:07]} 44. c5 {[%clk 00:10:54]} {[%emt 00:00:35]} Bg3+ {[%clk
00:06:08]} {[%emt 00:00:17]} 45. Kc6 {[%clk 00:11:10]} {[%emt 00:00:14]} Bb8
{[%clk 00:06:30]} {[%emt 00:00:09]} 46. Kb7 {[%clk 00:11:26]} {[%emt 00:00:13]}
Ba7 {[%clk 00:06:35]} {[%emt 00:00:25]} 47. Kxa7 {[%clk 00:11:52]} {[%emt
00:00:04]} Kc7 {[%clk 00:07:01]} {[%emt 00:00:04]} 48. b5 {[%clk 00:12:14]}
{[%emt 00:00:09]} e3 {[%clk 00:07:26]} {[%emt 00:00:04]} 49. b6 {[%clk
00:12:39]} {[%emt 00:00:05]} Kc6 {[%clk 00:07:44]} {[%emt 00:00:12]} 50. b7
{[%clk 00:13:00]} {[%emt 00:00:09]} Kd5 {[%clk 00:08:00]} {[%emt 00:00:14]} 51.
b8=Q {[%clk 00:13:21]} {[%emt 00:00:09]} Kc4 {[%clk 00:08:25]} {[%emt
00:00:05]} 52. Be6+ {[%clk 00:13:39]} {[%emt 00:00:12]} Kc3 {[%clk 00:08:50]}
{[%emt 00:00:05]} 53. Qe5+ {[%clk 00:14:03]} {[%emt 00:00:06]} Kd2 {[%clk
00:09:13]} {[%emt 00:00:06]} 54. Qb2+ {[%clk 00:14:26]} {[%emt 00:00:08]} Ke1
{[%clk 00:09:36]} {[%emt 00:00:06]} 55. c6 {[%clk 00:14:44]} {[%emt 00:00:12]}
Kf2 {[%clk 00:09:59]} {[%emt 00:00:07]} 56. c7 {[%clk 00:15:07]} {[%emt
00:00:08]} Kf1 {[%clk 00:10:24]} {[%emt 00:00:04]} 57. c8=Q {[%clk 00:15:31]}
{[%emt 00:00:07]} Ke1 {[%clk 00:10:46]} {[%emt 00:00:08]} 58. Qbc3+ {[%clk
00:15:38]} {[%emt 00:00:18]} Kf2 {[%clk 00:11:10]} {[%emt 00:00:10]} 59. Qf8+
{[%clk 00:15:58]} {[%emt 00:00:11]} Kg3 {[%clk 00:11:35]} {[%emt 00:00:04]} 60.
Qf3+ {[%clk 00:16:12]} {[%emt 00:00:17]} Kh2 {[%clk 00:11:38]} {[%emt
00:00:27]} 61. Qh3+ {[%clk 00:16:30]} {[%emt 00:00:11]} Kg1 {[%clk 00:11:58]}
{[%emt 00:00:10]} 62. Qe1# {[%emt 00:00:07]} 1-0

[Event "DEM U10 2023"]
[Site "Willingen GER"]
[Date "2023.06.02"]
[Round "10"]
[White "Pradeep, Harshill"]
[Black "Gersemann, Karl"]
[Result "1-0"]
[Termination "normal"]
[Board "4"]
[WhiteElo "1482"]
[BlackElo "1751"]
[WhiteClock "00:41:55"]
[BlackClock "00:11:54"]
[PlyCount "85"]
[WhiteFideId "34629513"]
[BlackFideId "34602186"]
[EventCountry "GER"]
[EventRounds "11"]
[EventType "swiss"]
[EventDate "2023.05.27"]

1. e4 {[%clk 01:15:59]} e5 {[%clk 01:15:24]} {[%emt 00:00:37]} 2. Nf3 {[%clk
01:16:23]} {[%emt 00:00:06]} Nc6 {[%clk 01:15:46]} {[%emt 00:00:07]} 3. d4
{[%clk 01:16:42]} {[%emt 00:00:11]} exd4 {[%clk 01:16:07]} {[%emt 00:00:09]} 4.
Bc4 {[%clk 01:17:07]} {[%emt 00:00:06]} Nf6 {[%clk 01:16:20]} {[%emt 00:00:17]}
5. e5 {[%clk 01:17:29]} {[%emt 00:00:08]} d5 {[%clk 01:16:42]} {[%emt
00:00:06]} 6. Bb5 {[%clk 01:17:54]} {[%emt 00:00:06]} Nd7 {[%clk 01:16:17]}
{[%emt 00:00:54]} 7. Bxc6 {[%clk 01:14:02]} {[%emt 00:04:23]} bxc6 {[%clk
01:16:37]} {[%emt 00:00:10]} 8. Nxd4 {[%clk 01:13:39]} {[%emt 00:00:54]} Nb8
{[%clk 01:15:07]} {[%emt 00:01:59]} 9. O-O {[%clk 01:12:59]} {[%emt 00:01:09]}
Ba6 {[%clk 01:14:14]} {[%emt 00:01:24]} 10. Re1 {[%clk 01:13:11]} {[%emt
00:00:18]} c5 {[%clk 01:11:44]} {[%emt 00:03:00]} 11. Nf3 {[%clk 01:13:24]}
{[%emt 00:00:18]} Be7 {[%clk 01:11:08]} {[%emt 00:01:05]} 12. e6 {[%clk
01:11:30]} {[%emt 00:02:24]} f6 {[%clk 01:10:37]} {[%emt 00:01:01]} 13. Nc3
{[%clk 01:08:58]} {[%emt 00:03:03]} d4 {[%clk 01:10:17]} {[%emt 00:00:50]} 14.
Ne4 {[%clk 01:09:12]} {[%emt 00:00:15]} Nc6 {[%clk 01:09:29]} {[%emt 00:01:18]}
15. Bf4 {[%clk 01:06:23]} {[%emt 00:03:19]} O-O {[%clk 01:05:57]} {[%emt
00:04:03]} 16. Ng3 {[%clk 01:03:22]} {[%emt 00:03:30]} g5 {[%clk 01:04:26]}
{[%emt 00:02:01]} 17. Nf5 {[%clk 01:02:23]} {[%emt 00:01:30]} Qd5 {[%clk
00:57:27]} {[%emt 00:07:28]} 18. Nxe7+ {[%clk 00:54:54]} {[%emt 00:08:00]} Nxe7
{[%clk 00:57:51]} {[%emt 00:00:06]} 19. Bxc7 {[%clk 00:54:32]} {[%emt
00:00:50]} Qc6 {[%clk 00:57:00]} {[%emt 00:01:22]} 20. Bg3 {[%clk 00:52:18]}
{[%emt 00:02:44]} Bc4 {[%clk 00:56:32]} {[%emt 00:00:57]} 21. c3 {[%clk
00:49:38]} {[%emt 00:03:11]} dxc3 {[%clk 00:50:32]} {[%emt 00:06:31]} 22. bxc3
{[%clk 00:48:59]} {[%emt 00:01:08]} Rad8 {[%emt 00:01:57]} 23. Qc2 {[%clk
00:48:09]} {[%emt 00:00:43]} Bd3 {[%clk 00:40:37]} {[%emt 00:09:35]} 24. Qb3
{[%clk 00:46:42]} {[%emt 00:01:57]} Be4 {[%clk 00:39:24]} {[%emt 00:01:43]} 25.
Rad1 {[%clk 00:44:25]} {[%emt 00:02:47]} Bxf3 {[%clk 00:38:34]} {[%emt
00:01:20]} 26. gxf3 {[%clk 00:44:32]} {[%emt 00:00:23]} Qxf3 {[%clk 00:38:17]}
{[%emt 00:00:47]} 27. Rd7 {[%clk 00:44:43]} {[%emt 00:00:19]} Nd5 {[%clk
00:23:07]} {[%emt 00:15:40]} 28. Qb7 {[%clk 00:41:31]} {[%emt 00:03:42]} Rxd7
{[%clk 00:23:14]} {[%emt 00:00:23]} 29. exd7 {[%clk 00:41:54]} {[%emt
00:00:08]} h5 {[%clk 00:18:44]} {[%emt 00:04:59]} 30. Re8 {[%clk 00:40:44]}
{[%emt 00:01:40]} Qd1+ {[%clk 00:18:14]} {[%emt 00:01:01]} 31. Kg2 {[%clk
00:39:57]} {[%emt 00:01:17]} Nf4+ {[%clk 00:11:10]} {[%emt 00:07:33]} 32. Bxf4
{[%clk 00:40:09]} {[%emt 00:00:18]} gxf4 {[%clk 00:10:49]} {[%emt 00:00:51]}
33. Rxf8+ {[%clk 00:40:16]} {[%emt 00:00:23]} Kxf8 {[%clk 00:11:10]} {[%emt
00:00:09]} 34. Qc8+ {[%clk 00:40:30]} {[%emt 00:00:17]} Kg7 {[%clk 00:11:11]}
{[%emt 00:00:26]} 35. d8=Q {[%clk 00:40:19]} {[%emt 00:00:44]} f3+ {[%clk
00:11:08]} {[%emt 00:00:33]} 36. Kg3 {[%clk 00:40:14]} {[%emt 00:00:35]} Qg1+
{[%clk 00:11:05]} {[%emt 00:00:32]} 37. Kxf3 {[%clk 00:40:29]} {[%emt
00:00:15]} Qh1+ {[%clk 00:11:25]} {[%emt 00:00:09]} 38. Ke3 {[%clk 00:40:34]}
{[%emt 00:00:26]} Qe1+ {[%clk 00:11:33]} {[%emt 00:00:21]} 39. Kd3 {[%clk
00:40:41]} {[%emt 00:00:24]} Qd1+ {[%clk 00:11:42]} {[%emt 00:00:19]} 40. Kc4
{[%clk 00:41:00]} {[%emt 00:00:13]} Qa4+ {[%clk 00:11:46]} {[%emt 00:00:25]}
41. Kd5 {[%clk 00:41:17]} {[%emt 00:00:13]} Qxa2+ {[%clk 00:11:37]} {[%emt
00:00:40]} 42. c4 {[%clk 00:41:33]} {[%emt 00:00:14]} Qd2+ {[%clk 00:11:54]}
{[%emt 00:00:13]} 43. Kc6 {[%clk 00:41:55]} {[%emt 00:00:08]} 1-0